UBT Library

FURNITURE FACELIFTS (Record no. 59364)

000 -LEADER
fixed length control field 00307nam a22001457a 4500
008 - FIXED-LENGTH DATA ELEMENTS--GENERAL INFORMATION
fixed length control field 230316b ||||| |||| 00| 0 eng d
020 ## - INTERNATIONAL STANDARD BOOK NUMBER
International Standard Book Number 9781902617077
041 ## - LANGUAGE CODE
Language code of text/sound track or separate title eng
080 ## - UNIVERSAL DECIMAL CLASSIFICATION NUMBER
Universal Decimal Classification number 72
082 ## - DEWEY DECIMAL CLASSIFICATION NUMBER
Classification number 72EPT
100 ## - Rafti
Rafti 19
101 ## - Shkurtesa
Shkurtesa ART
245 ## - TITLE STATEMENT
Title FURNITURE FACELIFTS
Statement of responsibility, etc EPTON.S
942 ## - ADDED ENTRY ELEMENTS (KOHA)
Source of classification or shelving scheme
Item type Books
Holdings
Withdrawn status Lost status Source of classification or shelving scheme Damaged status Not for loan Collection code Permanent location Current location Date acquired Total Checkouts Full call number Barcode Date last seen Price effective from Koha item type
          Koleksioni i përgjithshem UBT - Lipjan UBT - Lipjan 03/16/2023   72EPT 002-80001011 03/16/2023 03/16/2023 Books
UBT Library © 2015-2024. All rights reserved University Education for Business and Technology